000 00255nam a22001097a 4500
008 160520b xxu||||| |||| 00| 0 eng d
020 _a9781885219343
041 _aeng
080 _a316.77
245 _aThe media in America:
_cDavid Sloan;
942 _2udc
_cBK
999 _c2282
_d2282